000 00305nam a22001457a 4500
008 210310b ||||| |||| 00| 0 eng d
020 _a007009831X
041 _aeng
080 _a541
082 _a541
100 _a12
101 _aKIM
245 _aOrganic Chemistry
_cCarey, F. A
942 _2udc
_cBK
999 _c56258
_d56258